| 000 | 00687cam a2200253 i 4500 | ||
|---|---|---|---|
| 001 | 4599086 | ||
| 003 | OSt | ||
| 005 | 20250901165747.0 | ||
| 008 | 760909s1977 nyu 000 1 eng | ||
| 010 | _a 76043292 | ||
| 020 |
_a0394409051 : _c$7.95 |
||
| 040 |
_aDLC _cDLC _dDLC |
||
| 050 | 0 | 0 |
_aPZ 4 .K872 1977 _bFat _aPS3561.O85 |
| 082 | 0 | 0 | _a813/.5/4 |
| 100 | 1 | _aKotzwinkle, William. | |
| 245 | 1 | 0 |
_aFata Morgana / _cWilliam Kotzwinkle. |
| 250 | _a1st ed. | ||
| 260 |
_aNew York : _bKnopf, _c1977. |
||
| 300 |
_a209 p. ; _c22 cm. |
||
| 650 | 0 |
_aToymakers _xFiction. |
|
| 655 | 7 |
_aFantastic fiction. _2gsafd |
|
| 906 |
_a7 _bcbc _corignew _d1 _eocip _f19 _gy-gencatlg |
||
| 942 |
_2lcc _cBK |
||
| 999 |
_c8877 _d8877 |
||